00452 2200181 4500001002100000005001500021035002000036245003500056100001200091300002100103856002300124260004100147082000800188084001400196020002200210600001200232990002600244INLIS00000000000089520260316110752 a0010-03260000061 aThe 7 Wings of fire /cJienara0 aJienara a256 hlm ;c19 cm aperpustakaan pusat aDepok :bAkad Media Cakrawala,c2025 a813 a813 JIE t a978-634-7031-17-404aJienara a2025/SMKMIRI/3161/001